000 00316nam a2200109Ia 4500
008 200302s9999 xx 000 0 und d
100 _aP. O. Fanger
245 _aThermal Comfort Analysis & Applications in Environmental Engineering
260 _bMcgraw- hill International Book co.,
260 _c1970
300 _a244 P.,
999 _c444
_d444